00322nam a2200145Ia 45000030006000000080041000060400015000471000022000622450029000842500006001132600020001193000006001395460014001450050017001590STCL150530s9999 xx 000 0 und d aSTCLcSTCL aRaman Menon, T.K. aKerala bhasha pranayikal a1 c1933aErnakulam a0 aMalayalam20220125171815.0